000 00572nam a2200229Ia 4500
003 0100
008 130307s9999 xx 000 0 und d
020 _a0281049459
040 _cARRUPELIB
050 _aBL240.2.P645 1996
100 _aPolkinghorne, John
245 _aScientists as theologians
245 _ba comparison of the writings of Ian Barbour, Arthur Peacocke and John Polkinghorne
260 _aLondon
260 _bSPCK
260 _c1996
300 _a96p.
300 _b23 cm.
650 _aRELIGION
650 _bEthics--History
942 0 0 _01
999 _c97221
_d97221